00711nam a22001697a 4500003000900000008004100009020001800050040007100068082001800139100003200157245007300189260003300262300002600295505017400321650003000495650001600525AR-CdUCM190319b ||||| |||| 00| 0 spa d a0-394-31903-6 aMUNICIPALIDAD PROVINCIAL DEL CUSCOcBIBLIOTECA MUNICIPAL DEL CUSCO a301.09 /bW14 aWaal Malefijt, Annemarie de aImágenes del hombre : bHistoria del pensamiento antropológico / aArgentina :bEdigraf,c1983. a317 paginas ;c22 cm. aContenido :Los comienzos -- Concepciones medievales del hombre -- Los horizontes se ensanchan -- El surgimiento de la ciencia -- La humanidad debe estudiar al hombre ... aAntropología e Historia aEtnología